Data networks (Record no. 5101)

MARC details
000 -LEADER
fixed length control field 00523nam a2200181Ia 4500
003 - CONTROL NUMBER IDENTIFIER
control field SGT
020 ## - INTERNATIONAL STANDARD BOOK NUMBER
International Standard Book Number 9788120307803
082 ## - DEWEY DECIMAL CLASSIFICATION NUMBER
Classification number 4.6
Item number BER
100 ## - MAIN ENTRY--PERSONAL NAME
Personal name Bertsekas, Dimitri
245 ## - TITLE STATEMENT
Title Data networks
250 ## - EDITION STATEMENT
Edition statement 2nd Ed.
260 ## - PUBLICATION, DISTRIBUTION, ETC. (IMPRINT)
Name of publisher, distributor, etc PHI Learning Private Limited
Place of publication, distribution, etc New Delhi
Year of Publication 1992
300 ## - PAGE DESCRIPTION
No. of Pages 556p.
650 ## - SUBJECT ADDED ENTRY--TOPICAL TERM
Topical term or geographic name as entry element COMPUTER SCIENCE
653 ## - KEYWORDS--INDEX TERM
Keyword term INTRODUCTION AND LAYERED NETWORK ARCHITECTURE,DELAY MODELS IN DATA NETWORKS, MULTI ACCESS COMMUNICATION ,FLOW CONTROL,
700 ## - ADDED ENTRY--PERSONAL NAME
Personal name Gallager, Robert
942 ## - ADDED ENTRY ELEMENTS (KOHA)
Source of classification or shelving scheme Dewey Decimal Classification
Koha item type Books
Holdings
Withdrawn status Lost status Source of classification or shelving scheme Damaged status Not for loan Home library Current library Date acquired SGTU Total Checkouts Full call number Accession No. (Barcode) Date last seen Bill Date Koha item type Date last borrowed
    Dewey Decimal Classification     SGT Engineering Library SGT Engineering Library 14/02/2010 SGTU   4.6 BER FE2546 09/02/2015 09/02/2015 Books  
    Dewey Decimal Classification     SGT Engineering Library SGT Engineering Library 14/02/2010 SGTU   4.6 BER FE2547 09/02/2015 09/02/2015 Books  
    Dewey Decimal Classification     SGT Engineering Library SGT Engineering Library 14/02/2010 SGTU   4.6 BER FE2548 09/02/2015 09/02/2015 Books  
    Dewey Decimal Classification     SGT Engineering Library SGT Engineering Library 14/02/2010 SGTU 1 4.6 BER FE2549 20/05/2025 09/02/2015 Books 29/04/2025
    Dewey Decimal Classification     SGT Engineering Library SGT Engineering Library 06/09/2012 SGTU   4.6 BER FE5488 09/02/2015 09/02/2015 Books  
    Dewey Decimal Classification     SGT Engineering Library SGT Engineering Library 06/09/2012 SGTU   4.6 BER FE5489 09/02/2015 09/02/2015 Books